Prc̀tica Forense Penal

Detalles Bibliográficos
Autor principal: Cornejo Manrq̕uez, Anb̕al
Formato: eBook
Lenguaje:español
Materias:
Acceso en línea:Acceso restringido

MARC

LEADER 00000nam a22000007a 4500
005 20220627221742.0
007 cr|||| ||||
008 220627s2022 cl |||||s|||| 00||0 spa d
035 |a 36617 
040 |a vLex 
090 |c 13472  |d 13472 
100 1 |a Cornejo Manrq̕uez, Anb̕al 
245 1 0 |a Prc̀tica Forense Penal  |h [Recurso electrn̤ico] /  |c Anb̕al Cornejo Manrq̕uez 
256 |a Servicio en ln̕ea 
300 |a 1 recurso electrn̤ico 
506 1 |a Disponible solo en los productos indicados  |d vLex Global  |d vLex Global (Academic Edition, excluding Law Schools)  |d vLex Global (U.S. Academic Edition, Law Schools)  |d vLex Global (U.S. Academic Edition, excluding Law Schools)  |d vLex Global (Academic Edition, Law Schools) 
650 0 4 |a Derecho Penal  |z Chile 
650 0 4 |a Procedimiento Penal  |z Chile 
740 0 |a vLex Libros (Servicio en ln̕ea) 
856 4 0 |u https://app.vlex.com/#/sources/36617  |z Acceso restringido 
942 |c BOOK